Les Meilleurs buteurs de la Premier League 2018-2019 - Statistiques

Statistiques générales
  • Ce quiz a été pris 116 fois
  • Le résultat moyen est 11 sur 15
Statistiques - réponses
Buts Nationalité Club Joueur % Correct
22 Égypte Liverpool FC Mohamed Salah
100%
22 Sénégal Liverpool FC Sadio Mané
100%
17 Angleterre Tottenham Hotspur Harry Kane
98%
18 Angleterre Leicester City Jamie Vardy
97%
22 Gabon Arsenal FC Pierre-Emerick Aubameyang
96%
21 Argentine Manchester City Sergio Agüero
96%
16 Belgique Chelsea FC Eden Hazard
91%
13 France Arsenal FC Alexandre Lacazette
82%
17 Angleterre Manchester City Raheem Sterling
79%
13 France Manchester United Paul Pogba
71%
13 Mexique Wolverhampton Wanderers Raúl Jiménez
70%
13 Brésil Everton FC Richarlison
57%
13 Islande Everton FC Gylfi Sigurðsson
46%
14 Angleterre AFC Bournemouth Callum Wilson
16%
13 Angleterre Brighton & Hove Glenn Murray
10%
Aucun quiz correspondant
Distribution des résultats
% des personnes avec chaque résultat
Percentile par nombre de réponses
Votre historique - résultats
Vous n’avez pas pris ce quiz